000
00303nam a22001337a 4500
008
170314b xxu||||| |||| 00| 0 eng d
020
_a
0387100962
041
_a
eng
080
_a
591
100
_a
7
101
_a
SHM
245
_a
MANUAL OF INTERNAL FIXATION IN THE HORSE
_c
FACKELMAN
942
_2
udc
_c
BK
999
_c
7778
_d
7778